000 00526nam a2200193Ia 4500
008 210417s9999 xx 000 0 und d
020 _a9788123923079
020 _b8123923074
082 _a618.92 GUP
082 _b22.618.92 GUP
245 0 _aTextbook of Pediatrics
245 0 _cTextbook of Pediatrics
250 _b"xix, 636p. : ill. ; tables.; 26 cm . , hbk."
260 _aNew Delhi
260 _bCBS publishers & distributors pvt ltd
260 _c2013
700 _a"Gupta, Piyush"
700 _bPiyush Gupta
999 _c467071
_d467071